[Event "Open A"]
[Site "Ostrava CZE"]
[Date "2002.05.25"]
[Round "9"]
[White "Papan,C"]
[Black "Biolek,R"]
[Result "1/2-1/2"]
[WhiteElo "2170"]
[BlackElo "2446"]

1.d4 d5 2.c4 e6 3.Nf3 Nf6 4.Nc3 Be7 5.Bf4 O-O 6.e3 b6 7.cxd5 exd5 8.Bd3 Bb7
9.O-O c5 10.Rc1 Nc6 11.Ne5 Nxe5 12.dxe5 Ne4 13.Nb5 a6 14.Na3 Rc8 15.Bxe4 dxe4
16.Nc4 Qc7 17.Qg4 Qc6 18.Rfd1 Rcd8 19.Nd6 Bxd6 20.exd6 Rd7 21.h4 f5 22.Qe2 Qb5
23.Qd2 Rc8 24.b3 a5 25.Qc3 Bc6 26.Qe5 Rf8 27.Rc4 Qa6 28.h5 Bb5 29.Qe6+ Rdf7
30.d7 Rd8 31.Bc7 Rxd7 32.Rxd7 Bxd7 33.Qxb6 Qxb6 34.Bxb6 Rf6 35.Bxa5 Rc6 36.Rc3 Kf7
37.Kf1 Ke6 38.Rc2 Be8 39.Bc3 Rd6 40.Ke1 Bxh5 41.Bd2 Kd5 42.a4 Rg6 43.g3 Rb6
44.Rb2 Kc6 45.Bc3 Bf7  1/2-1/2

[Event "FIDE GP"]
[Site "Moscow RUS"]
[Date "2002.06.04"]
[Round "4.4"]
[White "Radjabov,T"]
[Black "Beliavsky,A"]
[Result "1/2-1/2"]
[WhiteElo "2610"]
[BlackElo "2661"]

1.d4 Nf6 2.c4 e6 3.Nf3 d5 4.Nc3 Be7 5.Bf4 O-O 6.e3 c5 7.dxc5 Bxc5 8.a3 Nc6
9.Qc2 Be7 10.Bd3 dxc4 11.Bxc4 a6 12.O-O b5 13.Rfd1 Qb6 14.Bd3 Bb7 15.Ne4 Nxe4
16.Bxe4 f5 17.Bd3 Rac8 18.Qe2 Bf6 19.Bg3 g6 20.Rac1 e5 21.Bb1 e4 22.Ba2+ Kh8
23.Ne1 Ne5 24.Rxc8 Rxc8 25.Qd2 Nc4 26.Qe2 Ne5 27.Qd2 Nc4 28.Qe2 Ne5  1/2-1/2

[Event "FIDE GP"]
[Site "Moscow RUS"]
[Date "2002.06.04"]
[Round "4.2"]
[White "Radjabov,T"]
[Black "Beliavsky,A"]
[Result "1/2-1/2"]
[WhiteElo "2610"]
[BlackElo "2661"]

1.d4 Nf6 2.c4 e6 3.Nf3 d5 4.Nc3 Be7 5.Bf4 O-O 6.e3 c5 7.dxc5 Bxc5 8.a3 Nc6
9.cxd5 Nxd5 10.Nxd5 exd5 11.Bd3 Bb6 12.O-O d4 13.e4 Bg4 14.h3 Qf6 15.Bh2 Bxf3
16.Qxf3 Qxf3 17.gxf3 Na5 18.Rad1 Rac8 19.Bd6 Rfd8 20.Be7 Re8 21.Bb4 Nc4 22.Bxc4 Rxc4
23.Rc1 Rec8 24.Bd2 d3 25.Rxc4 Rxc4 26.Bc3 Bd4 27.Bxd4 Rxd4 28.Rd1 f5 29.exf5 Kf7
30.Kf1 Kf6 31.Ke1 Kxf5 32.Kd2 Kf4 33.Re1 Rd7 34.Re3 g5 35.Ke1 h5 36.Kd2 h4
37.Kd1 a5 38.a4 Rd5 39.Kd2 b5 40.axb5 Rxb5 41.Rxd3 Rxb2+ 42.Ke1 Rb8 43.Ra3 Ra8
44.Kd2 a4 45.Ke2 Ke5 46.Ke3 Ra7 47.Kd3 Kd5 48.Kc3 Rf7 49.Rxa4 Rxf3+ 50.Kd2 Rxf2+
51.Ke3 Rg2 52.Ra5+ Ke6 53.Ke4 Re2+ 54.Kf3 Re5 55.Rxe5+ Kxe5 56.Ke3 Kf6 57.Kf3 Kf5
58.Ke3 g4  1/2-1/2

[Event "FIDE GP"]
[Site "Moscow RUS"]
[Date "2002.06.04"]
[Round "4.2"]
[White "Lautier,J"]
[Black "Onischuk,Al"]
[Result "0-1"]
[WhiteElo "2675"]
[BlackElo "2641"]

1.d4 Nf6 2.c4 e6 3.Nf3 d5 4.Nc3 Be7 5.Bf4 O-O 6.e3 c5 7.dxc5 Bxc5 8.Qc2 Nc6
9.a3 Qa5 10.Nd2 Be7 11.Bg3 Qb6 12.Be2 d4 13.Na4 Qd8 14.O-O dxe3 15.fxe3 Bd6
16.Bxd6 Qxd6 17.c5 Qc7 18.b4 Ne5 19.h3 Bd7 20.Nc3 Rad8 21.Rac1 Ng6 22.Nc4 b6
23.Ne4 Nxe4 24.Qxe4 Bc6 25.cxb6 Qb7 26.Qg4 axb6 27.Rfd1 Bd5 28.Qg3 Qa7 29.Kh2 h6
30.Bh5 Ne7 31.Ne5 Nf5 32.Qf4 g5 33.Qf2 Qb8 34.Qb2 f6 35.Re1 Ng7 36.e4 Bb7  0-1

[Event "Open"]
[Site "Lido Estensi ITA"]
[Date "2002.06.12"]
[Round "5"]
[White "Kohlweyer,B"]
[Black "Iordachescu,V"]
[Result "1/2-1/2"]
[WhiteElo "2453"]
[BlackElo "2555"]

1.c4 e6 2.Nc3 d5 3.d4 Be7 4.Nf3 Nf6 5.Bf4 O-O 6.e3 Nbd7 7.cxd5 Nxd5 8.Nxd5 exd5
9.Bd3 Bb4+ 10.Nd2 Nf6 11.O-O c6 12.h3 Re8 13.Qc2 h6 14.a3 Bf8 15.b4 a6 16.Rfe1 Bd6
17.Bxd6 Qxd6 18.Qc5 Qd8 19.a4 Bd7 20.Qd6 Re6 21.Qf4 Qe8  1/2-1/2

[Event "Sigeman & Co Malmoe SWE"]
[Site "Malmoe SWE"]
[Date "2002.06.13"]
[Round "8"]
[White "Epishin,V"]
[Black "Short,N"]
[Result "0-1"]
[WhiteElo "2606"]
[BlackElo "2673"]

1.d4 e6 2.c4 Nf6 3.Nf3 d5 4.Nc3 Be7 5.Bf4 O-O 6.e3 c5 7.dxc5 Bxc5 8.a3 Nc6
9.b4 Nxb4 10.axb4 Bxb4 11.Qb3 a5 12.O-O-O Bd7 13.Rd4 Qe7 14.Be5 Rfc8 15.Kb1 b5
16.Nxb5 a4 17.Qa2 Bxb5 18.Bxf6 gxf6 19.cxb5 Rc3 20.Rd3 Rac8 21.Be2 Ba3 22.Qd2 Qb4+
23.Ka1 Rc1+ 24.Rxc1 Rxc1+ 25.Ka2 Qc4+ 26.Kxa3 Ra1+ 27.Kb2 Qa2+ 28.Kc3 Qb3+  0-1

[Event "3rd IECC"]
[Site "Batumi GEO"]
[Date "2002.06.18"]
[Round "7"]
[White "Olcayoz,A"]
[Black "Gassanov,A"]
[Result "0-1"]
[WhiteElo "2294"]
[BlackElo "2319"]

1.d4 Nf6 2.Nf3 e6 3.c4 d5 4.Nc3 Be7 5.Bf4 c6 6.e3 Qa5 7.Nd2 O-O 8.Be2 Nbd7
9.O-O Qd8 10.Qc2 dxc4 11.Nxc4 Nb6 12.Ne5 Nfd5 13.Bg3 Bh4 14.Ne4 Bxg3 15.hxg3 f6
16.Nd3 Qe7 17.Nec5 Nd7 18.e4 Nc7 19.e5 Nxc5 20.Nxc5 fxe5 21.dxe5 Nd5 22.Ne4 Rf5
23.Rfe1 Rxe5 24.f4 Rf5 25.Bg4 Rf8 26.Ng5 Nf6 27.Re5 h6 28.Bxe6+ Bxe6 29.Nxe6 Rfe8
30.Qe2 Qf7 31.Re1 Nd7 32.Re3 Nf8 33.Qc4 Nxe6 34.Rxe6 Rxe6 35.Rxe6 Rd8 36.Qe4 Qh5
37.Qe3 Qd1+ 38.Kh2 Qh5+ 39.Kg1 Qd1+ 40.Kh2 Qh5+ 41.Kg1 Qd1+ 42.Kf2 Qd5 43.Re8+ Kh7
44.Qe4+ Qxe4 45.Rxe4 Rd2+ 46.Re2 Rxe2+ 47.Kxe2 Kg6 48.g4 Kf6 49.Ke3 Ke6 50.Kd4 b6
51.g3 c5+ 52.Ke4 b5 53.b3 a6 54.a4 bxa4 55.bxa4 a5 56.f5+ Kd6 57.Kf4 c4 58.Ke4 Kc5
59.Ke5 c3 60.Ke6 c2 61.Kf7 c1=Q 62.Kxg7 Qg5+ 63.Kf7 Qxg4  0-1

[Event "3rd IECC"]
[Site "Batumi GEO"]
[Date "2002.06.22"]
[Round "10"]
[White "Dzhakaev,D"]
[Black "Malakhatko,V"]
[Result "1/2-1/2"]
[WhiteElo "2425"]
[BlackElo "2517"]

1.Nf3 Nf6 2.c4 e6 3.Nc3 d5 4.d4 Be7 5.Bf4 O-O 6.e3 Nbd7 7.cxd5 exd5 8.Bd3 c6
9.h3 Re8 10.O-O Nf8 11.Qc2 Ne6 12.Be5 g6 13.a3 a5 14.Rad1 Ng7 15.Qb3 Ra7
16.Bb8 Ra8 17.Be5 b5 18.a4 b4 19.Ne2 Bb7 20.Qa2 Qb6 21.Nc1 Ne6 22.Nb3 Red8
23.Bh2 Rac8 24.Qb1 c5 25.dxc5 Nxc5 26.Nxc5 Bxc5 27.Be5 Ne4 28.Bb5 Qe6 29.Bd4 Bd6
30.Rc1 Bb8 31.Rxc8 Rxc8 32.Rc1 f6 33.Rxc8+ Bxc8 34.Qc2 Bb7 35.Nd2  1/2-1/2

[Event "IV Shakkinet A"]
[Site "Helsinki FIN"]
[Date "2002.06.30"]
[Round "7"]
[White "Solozhenkin,E"]
[Black "Norri,J"]
[Result "1-0"]
[WhiteElo "2499"]
[BlackElo "2426"]

1.d4 Nf6 2.c4 e6 3.Nf3 d5 4.Nc3 Be7 5.Bf4 O-O 6.e3 b6 7.Bd3 Bb7 8.O-O c5
9.cxd5 cxd4 10.Nxd4 Nxd5 11.Nxd5 Qxd5 12.f3 Na6 13.Be4 Qd7 14.Nf5 Rfd8 15.Qxd7 Rxd7
16.Rad1 Rxd1 17.Nxe7+ Kf8 18.Bxb7 Rxf1+ 19.Kxf1 Re8 20.Bxa6 Kxe7 21.Be5 f6
22.Bc3 Rd8 23.Ke2 Rd7 24.h4 Rd8 25.g4 h6 26.f4 Kf7 27.Bc4 Ke7 28.Bb4+ Kd7
29.Kf3 Rc8 30.Bb3 Rh8 31.Ke4 g6 32.Bc3 Rf8 33.f5 exf5+ 34.gxf5 g5 35.Be6+ Kc6
36.Kf3 h5 37.hxg5 fxg5 38.f6  1-0

[Event "30th World Open"]
[Site "Philadelphia USA"]
[Date "2002.07.01"]
[Round "3"]
[White "Yermolinsky,A"]
[Black "Culbeaux,T"]
[Result "1-0"]
[WhiteElo "2583"]
[BlackElo "2173"]

1.d4 d5 2.c4 e6 3.Nf3 Nf6 4.Nc3 Be7 5.Bf4 O-O 6.e3 c6 7.Qc2 Nbd7 8.h3 dxc4
9.Bxc4 Nd5 10.Bg3 h6 11.O-O N7b6 12.Bb3 a5 13.a3 Bd6 14.Bxd6 Qxd6 15.Ne4 Qe7
16.Nc5 Rd8 17.Rad1 Nd7 18.Nd3 Nf8 19.e4 Nf6 20.Nde5 N6h7 21.Rfe1 f6 22.Nc4 a4
23.Ba2 b5 24.Ne3 Kh8 25.Qxc6 Bb7 26.Qc2 b4 27.axb4 Qxb4 28.Qc4 Qxc4 29.Nxc4 Bc6
30.Rd2 Ng5 31.Nxg5 hxg5 32.d5 exd5 33.exd5 Bxd5 34.Red1  1-0

[Event "5th Comtois Masters"]
[Site "Belfort FRA"]
[Date "2002.07.03"]
[Round "6"]
[White "Tregubov,P"]
[Black "Bologan,V"]
[Result "0-1"]
[WhiteElo "2627"]
[BlackElo "2652"]

1.d4 Nf6 2.c4 e6 3.Nf3 d5 4.Nc3 Be7 5.Bf4 O-O 6.e3 Nbd7 7.Be2 dxc4 8.Bxc4 a6
9.a4 c5 10.O-O cxd4 11.Qxd4 Nb6 12.Bb3 Qxd4 13.Nxd4 Bd7 14.a5 Nbd5 15.Nxd5 Nxd5
16.Bg3 Rac8 17.Rfd1 Nf6 18.f3 Rc5 19.e4 Rfc8 20.Be1 Kf8 21.Bc3 Ke8 22.g4 h5
23.h3 Nh7 24.Kg2 Nf8 25.Bb4 R5c7 26.Bd2 Bf6 27.Be3 hxg4 28.hxg4 g5 29.Rd2 Ng6
30.Rad1 Ke7 31.Ne2 Bb5 32.Nd4 Rc5 33.Ne2 Bxe2 34.Rxe2 Rxa5 35.Red2 Rb5 36.Ba4 Rb4
37.Rd7+ Kf8 38.b3 Ne5 39.R7d6 b5 40.Bd2 Rc2  0-1

[Event "FSIMA July"]
[Site "Budapest HUN"]
[Date "2002.07.06"]
[Round "1"]
[White "Dudas,Jano"]
[Black "Le Kieu Thien Kim"]
[Result "1-0"]
[WhiteElo "2368"]
[BlackElo "2256"]

1.d4 d5 2.Nf3 Nf6 3.c4 e6 4.Nc3 Be7 5.Bf4 O-O 6.e3 b6 7.cxd5 exd5 8.Bd3 Bb7
9.O-O Nbd7 10.Rc1 c5 11.Qc2 Rc8 12.Bf5 g6 13.Bh3 cxd4 14.exd4 Ne4 15.Bh6 Re8
16.Qb3 Nxc3 17.Rxc3 Rxc3 18.Qxc3 Bf6 19.Rc1 Nc5 20.Qa3 Na6 21.g3 b5 22.Qb3 Nc7
23.Bd2 Ne6 24.Qxb5 Bc8 25.Kg2 a6 26.Qc6 Qe7 27.Bb4 Qd7 28.Qxd7 Bxd7 29.Bd2 Bb5
30.Bxe6 Rxe6 31.Be3 Kf8 32.b3 Ke8 33.Rc8+ Kd7 34.Rf8 Ke7 35.Rb8 Bd3 36.g4 Re4
37.h3 h6 38.Rb7+ Ke8 39.Rc7 g5 40.Rc5 Re6 41.Nd2 Bb5 42.a4 Bc6 43.Nf1 Be7
44.Rc3 Bb4 45.Rd3 Bd6 46.Bd2 Kd7 47.Ne3 Bf4 48.Nf5 Bd6 49.h4 gxh4 50.Bxh6 Re4
51.Kh3 Re1 52.Kxh4 Rh1+ 53.Kg5 Be7+ 54.Kf4 Bd6+ 55.Kf3 Rh3+ 56.Ke2 Rh1 57.Bg7 Bb7
58.Be5 Bb4 59.Rd1 Rh3 60.Rc1 Bc6 61.Ng3  1-0

[Event "XX Open"]
[Site "Andorra la Vella AND"]
[Date "2002.07.09"]
[Round "4"]
[White "Gustafsson,J"]
[Black "Oms Pallise,J"]
[Result "1-0"]
[WhiteElo "2542"]
[BlackElo "2453"]

1.d4 d5 2.c4 e6 3.Nf3 Nf6 4.Nc3 Be7 5.Bf4 O-O 6.e3 Nbd7 7.c5 c6 8.h3 b6 9.b4 a5
10.a3 Ba6 11.Bxa6 Rxa6 12.b5 cxb5 13.c6 Qc8 14.c7 b4 15.Nb5 bxa3 16.O-O Ra8
17.Qc2 Ne4 18.Qc6 h6 19.Rfc1 Bb4 20.Rc2 Kh7 21.Ne1 Ndf6 22.f3 Nd2 23.Rxd2 Bxd2
24.Qc2+ Kg8 25.Qxd2 Qd7 26.Qd3 Rfc8 27.Nc2 Ne8 28.Ncxa3 f6 29.Rc1 a4 30.Qc3 Kf7
31.Bg3 Ra5 32.Qb4 Ra6 33.Bd6 Kg8 34.e4  1-0

[Event "Open"]
[Site "Oberwart AUT"]
[Date "2002.07.10"]
[Round "6"]
[White "Balinov,I"]
[Black "Wukits,R"]
[Result "1-0"]
[WhiteElo "2448"]
[BlackElo "2293"]

1.d4 d5 2.c4 e6 3.Nc3 Nf6 4.Nf3 Be7 5.Bf4 O-O 6.e3 Nbd7 7.Rc1 c6 8.a3 Nh5
9.Be5 f5 10.Bd3 Nhf6 11.cxd5 exd5 12.O-O Ne4 13.Na4 Qe8 14.Bc7 Rf6 15.b4 a5
16.bxa5 Rh6 17.Qb3 Qh5 18.a6 Bd6 19.Bxd6 Nxd6 20.Nb6 Ne4 21.Nxd5 cxd5 22.Qxd5+  1-0

[Event "XX Open"]
[Site "Andorra la Vella AND"]
[Date "2002.07.11"]
[Round "6"]
[White "Avrukh,B"]
[Black "Rizouk,A"]
[Result "1/2-1/2"]
[WhiteElo "2582"]
[BlackElo "2499"]

1.d4 Nf6 2.c4 e6 3.Nf3 d5 4.Nc3 Be7 5.Bf4 O-O 6.e3 c5 7.dxc5 Bxc5 8.a3 Nc6
9.Qc2 Qa5 10.Ra2 Qd8 11.b4 Bd6 12.Bg3 h6 13.Be2 Bxg3 14.hxg3 dxc4 15.Bxc4 Bd7
16.Qe2 Rc8 17.O-O Ng4 18.Ne4 Nce5 19.Bb3 Bc6 20.Rd2 Qe7 21.Nxe5 Nxe5 22.Nd6 Rcd8
23.Rfd1 Bd5 24.Nf5 Qf6 25.Bxd5 exd5 26.g4 h5 27.Rxd5 Rxd5 28.Rxd5 hxg4 29.Nd6 Rd8
30.Qd1 Qg6 31.Ne4 Re8 32.Rd8 Qc6 33.Rxe8+ Qxe8 34.Qd5 b6 35.b5 Kh7 36.Nd6 Qe7
37.Qe4+ Kg8 38.Qa8+ Kh7 39.Qe4+ Kg8 40.Nc4 Ng6 41.Qxg4 Qc5 42.a4 Qb4 43.Qc8+ Nf8
44.Ne5  1/2-1/2

[Event "Dutch Open"]
[Site "Dieren NED"]
[Date "2002.07.11"]
[Round "3"]
[White "Janssen,R"]
[Black "Dambacher,M"]
[Result "1-0"]
[WhiteElo "2468"]
[BlackElo "2297"]

1.Nf3 d5 2.d4 Nf6 3.c4 e6 4.Nc3 Be7 5.Bf4 O-O 6.e3 Nbd7 7.c5 c6 8.Bd3 b6
9.b4 a5 10.a3 Ba6 11.O-O Bxd3 12.Qxd3 Nh5 13.h3 Nxf4 14.exf4 Qc7 15.Ne5 Nxe5
16.fxe5 f6 17.f4 fxe5 18.fxe5 Bg5 19.Na4 bxc5 20.Nxc5 Qe7 21.Rxf8+ Rxf8 22.bxa5 Bf4
23.Re1 Rf5 24.a6 Bxe5 25.Qe3 Bb8 26.Qxe6+ Qxe6 27.Rxe6  1-0

[Event "ch-SCO"]
[Site "Stirling SCO"]
[Date "2002.07.13"]
[Round "8"]
[White "Stevenson,J"]
[Black "Mcgowan,D"]
[Result "1/2-1/2"]
[WhiteElo "2130"]
[BlackElo "2016"]

1.c4 e6 2.Nf3 d5 3.d4 Be7 4.Nc3 Nf6 5.Bf4 c5 6.dxc5 Bxc5 7.e3 O-O 8.Qc2 Nc6
9.a3 Qa5 10.O-O-O Be7 11.Nd2 Qb6 12.Nb3 dxc4 13.Bxc4 Na5 14.Nxa5 Qxa5 15.Qa4 Qxa4
16.Nxa4 Bd7 17.Bb3 Bc6 18.f3 Rfd8  1/2-1/2

[Event "Richard Aronow Mem"]
[Site "Philadelphia USA"]
[Date "2002.07.15"]
[Round "4"]
[White "Najer,E"]
[Black "Belorusov,M"]
[Result "1/2-1/2"]
[WhiteElo "2585"]
[BlackElo "2293"]

1.Nf3 d5 2.d4 Nf6 3.c4 e6 4.Nc3 Be7 5.Bf4 O-O 6.e3 dxc4 7.Bxc4 c6 8.e4 b6
9.Qe2 Bb7 10.O-O Qc8 11.Rad1 Ba6 12.Bxa6 Qxa6 13.Qxa6 Nxa6  1/2-1/2

[Event "24th Politiken Cup"]
[Site "Copenhagen DEN"]
[Date "2002.07.18"]
[Round "4"]
[White "Akesson,J"]
[Black "De Blecourt,S"]
[Result "1-0"]
[WhiteElo "2234"]
[BlackElo "2082"]

1.d4 d5 2.c4 e6 3.Nc3 Nf6 4.Nf3 Be7 5.Bf4 c6 6.e3 Nbd7 7.Qc2 O-O 8.h3 a6
9.c5 b6 10.cxb6 Qxb6 11.Bd3 c5 12.O-O c4 13.Be2 Bd6 14.Na4 Qc7 15.Bxd6 Qxd6
16.b3 Bb7 17.bxc4 dxc4 18.Nc3 Rac8 19.Rab1 Qc6 20.Qa4 Qxa4 21.Nxa4 Be4 22.Rbc1 Bd3
23.Bxd3 cxd3 24.Nb2 Rc2 25.Rxc2 dxc2 26.Rc1 Rc8 27.Ne1 Kf8 28.Rxc2 Rxc2 29.Nxc2 Nd5
30.Nc4 Ke7 31.a3 Nb8 32.Kf1 Nc6 33.Ke2 f5 34.Kd3 g5 35.f3 h5 36.g3 Nf6 37.Ne5 Nd8
38.Nb4 a5 39.Nbc6+ Nxc6 40.Nxc6+ Kd7 41.Nxa5 g4 42.fxg4 hxg4 43.hxg4 fxg4
44.Nc4 Kc6 45.a4 Nh5 46.Ne5+ Kb6 47.Nxg4 Nxg3 48.Nf6 Nf5 49.Nd7+ Kc6 50.Nf8 e5
51.d5+ Kc5 52.e4 Ne7 53.Nd7+ Kd6 54.Nf6 Kc5 55.Ng4 Ng6 56.Kc3 Nf4 57.Nxe5 Ne2+
58.Kd3 Nc1+ 59.Ke3 Nb3 60.Nc6 Kd6 61.a5 Nc5 62.Nb4  1-0

[Event "KB Czech Open"]
[Site "Pardubice CZE"]
[Date "2002.07.20"]
[Round "2"]
[White "Gyimesi,Z"]
[Black "Lechtynsky,J"]
[Result "1/2-1/2"]
[WhiteElo "2580"]
[BlackElo "2404"]

1.d4 Nf6 2.c4 e6 3.Nf3 d5 4.Nc3 Be7 5.Bf4 O-O 6.e3 c5 7.dxc5 Bxc5 8.cxd5 Nxd5
9.Nxd5 exd5 10.a3 Nc6 11.Bd3 Bb6 12.O-O Bg4 13.b4 a6 14.h3 Bh5 15.Rc1 Re8
16.Rc2 d4 17.g4 Bg6 18.Bxg6 hxg6 19.Nxd4 Bxd4 20.exd4 Qxd4 21.Bc1 Rad8 22.Qxd4 Nxd4
23.Rc7 Rc8 24.Rxc8 Rxc8 25.Kg2 Kf8 26.Be3 Ne6 27.Rb1 b5 28.a4 Rc4 29.axb5 axb5
30.Bd2 g5 31.Ra1 f6 32.Ra8+ Kf7 33.Ra7+ Ke8 34.Kf1 Rxb4 35.Ke2 Nf4+  1/2-1/2

[Event "TCh-POL Jun"]
[Site "Laczna POL"]
[Date "2002.07.21"]
[Round "8"]
[White "Szwarc,P"]
[Black "Stachowiak,K"]
[Result "0-1"]
[WhiteElo "2140"]
[BlackElo "2152"]

1.c4 Nf6 2.Nc3 e6 3.Nf3 d5 4.d4 Be7 5.Bf4 O-O 6.e3 b6 7.Be2 Bb7 8.O-O a6
9.Qc2 dxc4 10.Bxc4 Nbd7 11.a4 Nh5 12.Bg3 Nxg3 13.fxg3 Nf6 14.Ne5 c5 15.Rad1 Qc7
16.Qb3 Bd6 17.Nxf7 Rxf7 18.Bxe6 Rf8 19.Bxf7+ Rxf7 20.Qe6 Qe7 21.d5 Ne8 22.Rxf7 Qxf7
23.e4 h6 24.Qg4 Be5 25.Qf3 Nd6 26.Rf1 Qe7 27.Re1 b5 28.axb5 axb5 29.Qe2 b4
30.Nd1 c4 31.Nf2 Bc8 32.Ra1 Qf6 33.Rf1 Bxb2 34.Nh3 Qd4+ 35.Kh1 Bxh3 36.gxh3 Qxe4+
37.Qxe4 Nxe4 38.Kg2 c3  0-1

[Event "CAN&QC Open"]
[Site "Montreal CAN"]
[Date "2002.07.21"]
[Round "10"]
[White "Legky,N"]
[Black "Linskiy,OM"]
[Result "1/2-1/2"]
[WhiteElo "2498"]
[BlackElo "2417"]

1.d4 Nf6 2.Nf3 e6 3.c4 d5 4.Nc3 Be7 5.Bf4 c6 6.e3 Nbd7 7.h3 O-O 8.Rc1 b6
9.Bd3 Bb7 10.O-O dxc4 11.Bxc4 c5 12.Qe2 a6 13.a4 cxd4 14.exd4 Bb4 15.Bg3 Qe7
16.Bd3 Rfc8 17.Rfd1 Bd6 18.Ne5 Bb4 19.Rc2 Bxc3 20.bxc3 Bd5 21.Qd2 Nxe5 22.Bxe5 Bc6
23.Ra1 b5 24.Qe2 bxa4 25.Bxa6 Bb7 26.Bxb7 Qxb7 27.c4 Qe7 28.Rc3  1/2-1/2

[Event "ch-TUR"]
[Site "Ankara TUR"]
[Date "2002.07.26"]
[Round "4"]
[White "Yeke,S"]
[Black "Azizoglu,A"]
[Result "1-0"]
[WhiteElo "2258"]
[BlackElo "2003"]

1.Nf3 d5 2.d4 Nf6 3.c4 e6 4.Nc3 Be7 5.Bf4 O-O 6.e3 Nh5 7.Be5 f6 8.Bg3 Nxg3
9.hxg3 c6 10.Qc2 g6 11.e4 dxc4 12.Bxc4 b5 13.Bb3 a5 14.a4 b4 15.Ne2 Kg7 16.O-O-O Qb6
17.Nf4 c5 18.e5 f5 19.d5 c4 20.Bxc4 Na6 21.d6 Bb7 22.Nxe6+ Kh8 23.dxe7  1-0

[Event "24th Politiken Cup"]
[Site "Copenhagen DEN"]
[Date "2002.07.26"]
[Round "11"]
[White "Pert,N"]
[Black "Rohrmueller,U"]
[Result "1-0"]
[WhiteElo "2460"]
[BlackElo "2257"]

1.d4 Nf6 2.Nf3 e6 3.c4 d5 4.Nc3 Be7 5.Bf4 O-O 6.e3 c5 7.dxc5 Bxc5 8.cxd5 Nxd5
9.Nxd5 exd5 10.a3 Nc6 11.Bd3 Bg4 12.Bxh7+ Kh8 13.Bd3 d4 14.h3 Bh5 15.e4 Bd6
16.Bxd6 Qxd6 17.O-O Qf6 18.Be2 Bxf3 19.Bxf3 Ne5 20.Be2 Rad8 21.f4 Ng6 22.e5 Qh4
23.Qe1 Qh6 24.Qg3 d3 25.Bxd3 Nxf4 26.Qxf4 Qb6+ 27.Qf2 Rxd3 28.Qxb6 axb6 29.Rad1 Re3
30.Rd7 Kg8 31.Rxb7 Rb3 32.Rf2 Re8 33.Rfxf7 Rxe5 34.Rxg7+ Kf8 35.Rh7 Kg8 36.Rhd7  1-0

[Event "4th Stage Russian Cup"]
[Site "Samara RUS"]
[Date "2002.07.27"]
[Round "2"]
[White "Popov,Val"]
[Black "Gareev,T"]
[Result "1-0"]
[WhiteElo "2579"]
[BlackElo "2191"]

1.d4 d5 2.c4 e6 3.Nf3 Nf6 4.Nc3 Be7 5.Bf4 O-O 6.e3 Nbd7 7.Qc2 c5 8.O-O-O cxd4
9.Rxd4 Nb6 10.e4 Bc5 11.Rd1 Bb4 12.exd5 exd5 13.Nxd5 Nbxd5 14.cxd5 Bg4 15.Kb1 Rc8
16.Qb3 Bc5 17.Bd3 Kh8 18.Qxb7 Bxf2 19.h3 Bxf3 20.gxf3 Qxd5 21.Qxd5 Nxd5 22.Bd6 Rfd8
23.Bf5 Ne3 24.Bxc8 Nxd1 25.Rxd1 Rxc8 26.b4 Kg8 27.Rd2 Be3 28.Rc2 Rd8 29.Bc5 Bxc5
30.Rxc5 h6 31.Ra5 Rd7 32.a4 g5 33.Kc2 Kg7 34.Kc3 Kg6 35.Ra6+ f6 36.b5 h5
37.a5 h4 38.Kb4 Kf5 39.Rxa7 Rxa7 40.b6 Ra8 41.b7 Rb8 42.a6 Kf4 43.Kc5 Kg3
44.Kb6 Kxh3 45.a7 Rxb7+ 46.Kxb7 Kg3 47.a8=Q h3 48.Qh8 h2 49.Qh5 f5 50.Kc7 f4
51.Kd6 Kg2 52.Qxg5+ Kxf3 53.Qd5+ Ke3 54.Ke5 f3 55.Qd1 f2 56.Kd5 h1=Q+ 57.Qxh1 Ke2
58.Qh2 Ke1 59.Ke4 Ke2 60.Qg2  1-0

[Event "2nd Summer Open"]
[Site "Savaria HUN"]
[Date "2002.07.27"]
[Round "2"]
[White "Galyas,M"]
[Black "Gjuran,D"]
[Result "1/2-1/2"]
[WhiteElo "2407"]
[BlackElo "2183"]

1.d4 d5 2.c4 e6 3.Nf3 Nf6 4.Nc3 Be7 5.Bf4 c6 6.e3 O-O 7.Qc2 Nbd7 8.h3 Re8
9.a3 Nf8 10.Bd3 Ng6 11.Bh2 Bd6 12.Ne5 Bxe5 13.Bxe5 Nd7 14.Bg3 e5 15.dxe5 Ndxe5
16.cxd5 cxd5 17.Rd1 Be6 18.O-O Qg5 19.Kh2 Nxd3 20.Qxd3 Ne7 21.Nb5 Red8 22.Nd4 Rac8
23.Rc1 Nf5 24.Nxf5 Qxf5 25.Qd4 b6 26.Qa4 Qf6 27.Qxa7 Qxb2 28.Rb1 Qe2 29.Qxb6 Ra8
30.a4 Qa6 31.a5 Rdc8 32.Ra1 h6 33.Qxa6 Rxa6 34.Ra3 Rc5 35.Rfa1 f6 36.Kg1 Kf7
37.f3 Bd7 38.Be1 Ke6 39.Bc3 Rcc6 40.Bd4 Bc8 41.Rb3 Ra8 42.Rb6 Rxb6 43.axb6 Rxa1+
44.Bxa1 h5 45.h4 g6 46.Bd4 f5 47.Kf2 Bb7 48.Kg3 Bc8 49.Kf4 Bb7 50.Kg3 Bc8
51.Kf2 Bb7 52.Ke2 Bc8 53.Kd2 Bb7 54.Kc3 Bc8 55.Bc5 Bb7 56.Kd4 Bc6 57.Bf8 Ba8
58.Kc5 Bb7  1/2-1/2

[Event "4th Stage Russian Cup"]
[Site "Samara RUS"]
[Date "2002.07.28"]
[Round "3"]
[White "Tunik,G"]
[Black "Akhmadeev,V"]
[Result "1-0"]
[WhiteElo "2505"]
[BlackElo "2414"]

1.d4 Nf6 2.c4 e6 3.Nf3 d5 4.Nc3 Be7 5.Bf4 O-O 6.e3 b6 7.a3 Bb7 8.cxd5 exd5
9.Be2 Nbd7 10.h3 c5 11.O-O a6 12.dxc5 bxc5 13.Qb3 Ra7 14.Rfd1 Qa8 15.Qa2 Bc6
16.Rac1 h6 17.Qb1 Qb7 18.Rd2 Re8 19.b4 d4 20.exd4 Ne4 21.dxc5 Nxd2 22.Bxd2 Bf6
23.Be3 Ne5 24.Nxe5 Bxe5 25.Bf1 Bb8 26.Qd3 Qc8 27.Rd1 Qe6 28.Qc4 Qe5 29.g3 Qf6
30.Nd5 Bxd5 31.Rxd5 Bxg3 32.Qd3 Bb8 33.Qf5 Qc6 34.Bc4 Rae7 35.Rd3 g6 36.Qd5 Qf6
37.Kg2 g5 38.a4 Bf4 39.Bxf4 gxf4 40.Kh2 Re4 41.Rd1 Kh8 42.c6 Qh4 43.Rg1 R4e7
44.Qd4+ f6 45.Rg4 Re4 46.Qxe4 Rxe4 47.Rxh4 Rxc4 48.b5 axb5 49.axb5 Rc5 50.Rxh6+ Kg7
51.Rh5 Rxh5 52.c7  1-0

[Event "ch-GBR"]
[Site "Torquay ENG"]
[Date "2002.07.30"]
[Round "2"]
[White "Berry,N"]
[Black "Vijayalakshmi,S"]
[Result "1-0"]
[WhiteElo "2255"]
[BlackElo "2399"]

1.Nf3 Nf6 2.c4 e6 3.Nc3 d5 4.d4 Be7 5.Bf4 O-O 6.e3 a6 7.c5 Nc6 8.Rb1 Nh5
9.Be2 f6 10.b4 Bd7 11.O-O g5 12.Bg3 g4 13.Ne1 Nxg3 14.fxg3 f5 15.Nd3 Rf6
16.a4 Qe8 17.b5 Nd8 18.Nf4 Rh6 19.bxa6 bxa6 20.Qb3 Kh8 21.Rb2 c6 22.Qb6 e5
23.dxe5 Ne6 24.Nxe6 Bxe6 25.Nd1 Bd7 26.Qb4 Bf8 27.Qf4 Qh5 28.h3 Bxc5 29.Rb7 Rd8
30.Nf2 Be7 31.Nd3 c5 32.Qf2 Qg5 33.h4 Qg7 34.Qf4 Rc6 35.Rfb1 a5 36.Ra7 c4
37.Ne1 c3 38.Nc2 Re6 39.Rxa5 Rxe5 40.Qd4  1-0

[Event "ch-SLO"]
[Site "Dobrna SLO"]
[Date "2002.08.05"]
[Round "3"]
[White "Mikhalchishin,A"]
[Black "Gjuran,D"]
[Result "1-0"]
[WhiteElo "2533"]
[BlackElo "2183"]

1.d4 d5 2.c4 e6 3.Nc3 Nf6 4.Nf3 Be7 5.Bf4 c6 6.e3 O-O 7.Qc2 Nbd7 8.Bd3 Re8
9.O-O Nf8 10.h3 Ng6 11.Bh2 Bd6 12.Bxd6 Qxd6 13.Rad1 Qe7 14.Ne2 dxc4 15.Qxc4 Nd7
16.Bxg6 hxg6 17.Ne5 Nb6 18.Qc2 Rd8 19.Nc1 Bd7 20.Nb3 Be8 21.Rc1 Rac8 22.Rfd1 Nd5
23.Na5 Qb4 24.Nac4 b6 25.a3 Qe7 26.Nd3 c5 27.dxc5 bxc5 28.b3 Nb6 29.a4 Bc6
30.Nce5 Be4 31.f3 Bxd3 32.Rxd3 Rd5 33.f4 Qd6 34.Rcd1 Rd8 35.e4 Rd4 36.b4 Rc8
37.bxc5 Rxc5 38.Rxd4 Qxd4+ 39.Rxd4 Rxc2 40.a5  1-0

[Event "15th Open"]
[Site "Kiel GER"]
[Date "2002.08.10"]
[Round "1"]
[White "Alekseev,V BLR"]
[Black "Zimmermann,M"]
[Result "1-0"]
[WhiteElo "2407"]
[BlackElo "2236"]

1.d4 d5 2.c4 e6 3.Nc3 Nf6 4.Nf3 Be7 5.Bf4 c6 6.e3 O-O 7.Bd3 Nbd7 8.h3 Re8
9.O-O Nf8 10.Qc2 dxc4 11.Bxc4 Nd5 12.Bg3 Ng6 13.Ne4 b6 14.a3 f5 15.Ned2 Kh8
16.e4 fxe4 17.Nxe4 Ngf4 18.Ne5 Rf8 19.Nxc6 Qe8 20.Nxe7 Qxe7 21.Rfe1 Bb7 22.Qd2 Qd8
23.Bxd5 exd5 24.Nc3 Ng6 25.Re6 Rf6 26.Rae1 Rxe6 27.Rxe6 Qc8 28.Qe3 Qd7 29.h4 Rg8
30.h5 Nf8 31.Re7 Qc6 32.Rc7  1-0

[Event "11th Open"]
[Site "Kavala GRE"]
[Date "2002.08.11"]
[Round "2"]
[White "Banikas,H"]
[Black "Vafiadis,K"]
[Result "1-0"]
[WhiteElo "2521"]
[BlackElo "2264"]

1.d4 d5 2.c4 e6 3.Nf3 Nf6 4.Nc3 Be7 5.Bf4 O-O 6.e3 c5 7.dxc5 Bxc5 8.cxd5 exd5
9.Be2 Nc6 10.O-O Be6 11.Rc1 Qe7 12.Na4 Bd6 13.Bxd6 Qxd6 14.Nc5 Qe7 15.Qa4 Bg4
16.h3 Bxf3 17.Bxf3 Ne5 18.Be2 Rfc8 19.Nb3 a6 20.Qd4 Nc6 21.Qb6 h6 22.Nd4 Ne5
23.Nf5 Qd7 24.Nxh6+ Kh7 25.Qd4 Kxh6 26.Qxe5 Kh7 27.Bd3+ Kg8 28.Bf5 Qe8 29.Qxe8+ Rxe8
30.Rc7 b5 31.Rd1 Re5 32.Bc2 Re6 33.Bb3 Rd6 34.g4 Rad8 35.Kg2 Ne4 36.h4 Nf6
37.Rd4 Nd7 38.Rxd5 Rxd5 39.Bxd5 Ne5 40.Bb3 a5 41.g5 a4 42.Bc2 g6 43.Rc5 Nc4
44.b3 Rd2 45.bxc4 Rxc2 46.Rxb5 Rxc4 47.Ra5 Kf8 48.Ra7 Ke8 49.Kg3 Kf8 50.f3 Rc3
51.Rxa4 Rxe3 52.Ra7 Re1 53.a4 Rg1+ 54.Kh2 Ra1 55.a5 Ke8 56.a6 Ra4 57.Kg3 Kf8
58.Ra8+ Kg7 59.f4 Ra3+ 60.Kg4 Ra4 61.a7 Ra3 62.h5 gxh5+ 63.Kxh5 Ra1 64.f5 Ra4
65.f6+ Kh7 66.g6+ fxg6+ 67.Kg5 Ra5+ 68.Kg4 Ra4+ 69.Kg3 Ra3+ 70.Kf2 Ra6 71.Ke3 Re6+
72.Kd4 Rd6+ 73.Ke5  1-0

[Event "11th Open"]
[Site "Kavala GRE"]
[Date "2002.08.11"]
[Round "3"]
[White "Istratescu,A"]
[Black "Dragiev,V"]
[Result "1/2-1/2"]
[WhiteElo "2622"]
[BlackElo "2422"]

1.d4 Nf6 2.c4 e6 3.Nf3 d5 4.Nc3 Be7 5.Bf4 O-O 6.e3 a6 7.Qc2 dxc4 8.Bxc4 b5
9.Bd3 Bb7 10.a4 Nc6 11.Qb1 Nb4 12.Be2 c5 13.O-O bxa4 14.Rd1 cxd4 15.Rxd4 Qe8
16.Rxa4 a5 17.Ra1 Nfd5 18.Nxd5 Bxd5 19.Rd2 Qc6 20.Qf1 Bf6 21.Rc1 Qb6 22.Ne5 Qa7
23.Ng4 Bd8 24.Bd6 Be7 25.Bg3 Rfc8 26.h4 Qb7 27.Rcd1 Qb6 28.h5 h6 29.Ne5 Rc2
30.Bg4 Rxd2 31.Rxd2 Nc6 32.Qe2 Nxe5 33.Bxe5 Qb7 34.Rc2 Rc8 35.Rxc8+ Qxc8
36.Qb5 Qc1+ 37.Kh2 Qc6 38.Qxc6 Bxc6 39.Be2 Kf8 40.Bc4 a4 41.Bd4 Be4 42.f3 Bc2
43.Kg1 a3 44.bxa3 Bxa3 45.g4 Ba4 46.Kf2 Bc6 47.f4 Be7 48.Kg3 Be4  1/2-1/2